[Event "23. Copenhagen Open  (Politiken Cup)"]
[Site "Copenhagen"]
[Date "2001.07.18"]
[Round "3"]
[White "Robertsen, Thomas"]
[Black "Brinck Claussen, Bjorn"]
[Result "0-1"]
[WhiteElo "2034"]
[BlackElo "2355"]
[PlyCount "68"]
[EventDate "2001.07.16"]
[EventType "swiss"]
[EventRounds "11"]
[EventCountry "DEN"]
[SourceDate "2004.01.01"]

1. e4 e6 2. d4 d5 3. Nc3 Bb4 4. e5 c5 5. a3 Bxc3+ 6. bxc3 Ne7 7. h4 Nbc6 8. h5
h6 9. Nf3 Bd7 10. a4 Qa5 11. Bd2 c4 12. g3 f6 13. exf6 gxf6 14. Bh3 O-O-O 15.
O-O e5 16. Bxd7+ Rxd7 17. dxe5 fxe5 18. Nh4 Kb8 19. Qg4 Rdd8 20. Rfe1 d4 21.
Reb1 dxc3 22. Be3 Nd4 23. Qg7 Qc7 24. Bxd4 exd4 25. Re1 Nc6 26. Qf6 Rdf8 27.
Qe6 Qf7 28. Qxf7 Rxf7 29. Ng6 Rd8 30. Rad1 Rfd7 31. Rc1 Nb4 32. Ne5 Rc7 33. Re4
Nxc2 34. Rxc2 d3 0-1

[Event "23. Copenhagen Open  (Politiken Cup)"]
[Site "Copenhagen"]
[Date "2001.07.18"]
[Round "3"]
[White "Romsdal, Trond"]
[Black "Rasmussen, Henning Lau"]
[Result "1-0"]
[WhiteElo "2225"]
[BlackElo "2015"]
[PlyCount "91"]
[EventDate "2001.07.16"]
[EventType "swiss"]
[EventRounds "11"]
[EventCountry "DEN"]
[SourceDate "2004.01.01"]

1. d4 d5 2. c4 c6 3. Nf3 Nf6 4. Nc3 dxc4 5. a4 Bf5 6. Ne5 Nbd7 7. Nxc4 e6 8. f3
Bb4 9. Bg5 h6 10. Bh4 a5 11. e4 Bh7 12. Be2 O-O 13. O-O g5 14. Bf2 Be7 15. Qb3
Qb8 16. Rfd1 Bb4 17. Rac1 Re8 18. Na2 Be7 19. Kh1 Nh5 20. Bf1 b5 21. axb5 a4
22. Qd3 Nf4 23. Qd2 cxb5 24. Ne3 b4 25. g3 Ng6 26. d5 Nde5 27. Bg2 Rd8 28. Nc4
b3 29. Nxe5 Nxe5 30. Nc3 a3 31. bxa3 Rxa3 32. Qd4 Bf6 33. Qc5 b2 34. Qxa3
bxc1=Q 35. Qxc1 Rc8 36. dxe6 fxe6 37. Bh3 g4 38. Qxh6 Rxc3 39. Qxf6 gxh3 40.
Bd4 Rxf3 41. Qxe6+ Rf7 42. Bxe5 Bxe4+ 43. Kg1 Qa7+ 44. Bd4 Qe7 45. Qg4+ Kf8 46.
Qc8+ 1-0

[Event "23. Copenhagen Open  (Politiken Cup)"]
[Site "Copenhagen"]
[Date "2001.07.18"]
[Round "3"]
[White "Roder, Peter"]
[Black "Stovring, Claus"]
[Result "1-0"]
[WhiteElo "2174"]
[BlackElo "1966"]
[PlyCount "79"]
[EventDate "2001.07.16"]
[EventType "swiss"]
[EventRounds "11"]
[EventCountry "DEN"]
[SourceDate "2004.01.01"]

1. d4 Nf6 2. c4 g6 3. Nc3 Bg7 4. e4 d6 5. Be2 O-O 6. Bg5 c5 7. d5 e6 8. f3 exd5
9. cxd5 a6 10. a4 Qa5 11. Bd2 Re8 12. Bd3 Nbd7 13. Nb5 Qd8 14. Nxd6 Ne5 15.
Nxe8 Nxd3+ 16. Ke2 Qxe8 17. Kxd3 c4+ 18. Kc2 Bd7 19. Kb1 b5 20. Ne2 Rb8 21.
axb5 axb5 22. Bf4 Rb7 23. Ng3 b4 24. e5 Nh5 25. Nxh5 Bf5+ 26. Kc1 gxh5 27. Qd4
c3 28. b3 Rb8 29. Kd1 Qb5 30. Ke1 Rd8 31. Kf2 Bf8 32. d6 Bc2 33. Rhc1 Bg6 34.
Ra4 Rb8 35. Rca1 Bc2 36. Ra5 Qd7 37. Ra8 Qb7 38. Rxb8 Qxb8 39. d7 Qd8 40. Bg5
1-0

[Event "23. Copenhagen Open  (Politiken Cup)"]
[Site "Copenhagen"]
[Date "2001.07.18"]
[Round "3"]
[White "Simonsen, Hans Kristian"]
[Black "Christensen, Stefan"]
[Result "0-1"]
[WhiteElo "1930"]
[BlackElo "2164"]
[PlyCount "92"]
[EventDate "2001.07.16"]
[EventType "swiss"]
[EventRounds "11"]
[EventCountry "DEN"]
[SourceDate "2004.01.01"]

1. Nf3 Nf6 2. c4 b6 3. g3 Bb7 4. Bg2 e6 5. O-O Be7 6. d4 O-O 7. Nbd2 c5 8. dxc5
bxc5 9. Qc2 Nc6 10. e4 d6 11. Qc3 Nd7 12. Rd1 Bf6 13. Qd3 Bd4 14. Nxd4 cxd4 15.
Qa3 Qe7 16. Nb3 e5 17. Na5 Nxa5 18. Qxa5 Nc5 19. Qe1 f5 20. exf5 Bxg2 21. Kxg2
Qb7+ 22. f3 Rxf5 23. Qe2 Raf8 24. Rf1 e4 25. f4 g5 26. b4 Ne6 27. Bb2 gxf4 28.
Qg4+ Qg7 29. Qxg7+ Kxg7 30. gxf4 Rxf4 31. Rxf4 Rxf4 32. Rf1 Rxf1 33. Kxf1 Kf6
34. a4 Ke5 35. a5 e3 36. b5 d5 37. b6 axb6 38. axb6 Nc5 39. Ba3 Nd7 40. c5 Nb8
41. Bb4 d3 42. Be1 d2 43. Bg3+ Kd4 44. Ke2 Kc3 45. Bxb8 Kc2 46. Kxe3 d1=Q 0-1

[Event "23. Copenhagen Open  (Politiken Cup)"]
[Site "Copenhagen"]
[Date "2001.07.18"]
[Round "3"]
[White "Simonsen, Per"]
[Black "Hassan, Omar Elsayed"]
[Result "1/2-1/2"]
[WhiteElo "1723"]
[BlackElo "2100"]
[PlyCount "56"]
[EventDate "2001.07.16"]
[EventType "swiss"]
[EventRounds "11"]
[EventCountry "DEN"]
[SourceDate "2004.01.01"]

1. d4 Nf6 2. c4 c5 3. d5 b5 4. cxb5 a6 5. bxa6 g6 6. Nc3 Bxa6 7. e4 Bxf1 8.
Kxf1 d6 9. g3 Bg7 10. Kg2 Nbd7 11. Nf3 O-O 12. Re1 Qa5 13. h3 Rfb8 14. e5 dxe5
15. Nxe5 Nxe5 16. Rxe5 Ra7 17. Qc2 Rab7 18. Nd1 Qd8 19. Nc3 c4 20. Qe2 Ne8 21.
Re4 Nd6 22. Rf4 Qa5 23. Qf3 g5 24. Rg4 h6 25. Ne4 Ne8 26. Nc3 Nd6 27. Ne4 Ne8
28. Nc3 Nd6 1/2-1/2

[Event "23. Copenhagen Open  (Politiken Cup)"]
[Site "Copenhagen"]
[Date "2001.07.18"]
[Round "3"]
[White "Skjoldan, Benjamin"]
[Black "Laubsch, Bernd"]
[Result "0-1"]
[WhiteElo "1720"]
[BlackElo "2311"]
[PlyCount "90"]
[EventDate "2001.07.16"]
[EventType "swiss"]
[EventRounds "11"]
[EventCountry "DEN"]
[SourceDate "2004.01.01"]

1. d4 Nf6 2. c4 g6 3. Nf3 Bg7 4. Nc3 d5 5. e3 c5 6. dxc5 Qa5 7. Qa4+ Qxa4 8.
Nxa4 O-O 9. cxd5 Nxd5 10. Bc4 Nb4 11. O-O Bd7 12. Nc3 Rc8 13. Bd2 Rxc5 14. Bb3
Nd3 15. Rab1 Na6 16. Ne4 Rc7 17. Bc3 Bf5 18. Bxg7 Kxg7 19. Ng3 Bg4 20. Nd4 Nac5
21. Bc4 e5 22. Nb5 Rd7 23. b4 Be6 24. Bxe6 Nxe6 25. Rfd1 a6 26. Nd4 Nxd4 27.
exd4 Rxd4 28. a3 Rad8 29. Ne2 R4d6 30. Kf1 f5 31. Rb3 b5 32. f3 Kf6 33. Rc3 h5
34. h4 e4 35. f4 Nb2 36. Rxd6+ Rxd6 37. Nc1 Nc4 38. Ke1 Ke6 39. Nb3 Kd7 40. Rg3
Kc6 41. Nc5 Kb6 42. Ke2 a5 43. Nb3 a4 44. Nc5 Ka7 45. Rg5 Nxa3 0-1

[Event "23. Copenhagen Open  (Politiken Cup)"]
[Site "Copenhagen"]
[Date "2001.07.18"]
[Round "3"]
[White "Sylvan, Jacob"]
[Black "Brynell, Stellan"]
[Result "0-1"]
[WhiteElo "2272"]
[BlackElo "2486"]
[PlyCount "92"]
[EventDate "2001.07.16"]
[EventType "swiss"]
[EventRounds "11"]
[EventCountry "DEN"]
[SourceDate "2004.01.01"]

1. e4 e6 2. d4 d5 3. Nd2 c5 4. exd5 exd5 5. Ngf3 Nc6 6. Be2 Nf6 7. O-O Bd6 8.
dxc5 Bxc5 9. Nb3 Bb6 10. Nfd4 O-O 11. c3 Re8 12. Be3 Ne5 13. h3 a6 14. Qc2 Qd6
15. Bf4 Nf3+ 16. Nxf3 Qxf4 17. Nbd4 Bd7 18. Bd3 Ne4 19. Rfe1 Bc7 20. Re3 g6 21.
Rae1 Nc5 22. Bf1 b5 23. b4 Na4 24. g3 Qf6 25. Bg2 Rxe3 26. Rxe3 Rc8 27. Ne1 Bb6
28. Qd2 Rxc3 29. Rxc3 Nxc3 30. Qxc3 Bxd4 31. Qc2 Bf5 32. Qe2 Be4 33. Bxe4 dxe4
34. Ng2 Qf3 35. Qxf3 exf3 36. Ne1 Bc3 37. Nd3 Kf8 38. Nc5 Bxb4 39. Nxa6 Bd6 40.
Kf1 Ke7 41. Ke1 Ke6 42. Kd2 Kd5 43. Kd3 f5 44. Kc3 Ke4 45. a3 Bxa3 46. Nc7 Bc5
0-1

[Event "23. Copenhagen Open  (Politiken Cup)"]
[Site "Copenhagen"]
[Date "2001.07.18"]
[Round "3"]
[White "Aabling Thomsen, Jakob"]
[Black "Nilsson, Nils Specht"]
[Result "0-1"]
[WhiteElo "1889"]
[BlackElo "2218"]
[PlyCount "112"]
[EventDate "2001.07.16"]
[EventType "swiss"]
[EventRounds "11"]
[EventCountry "DEN"]
[SourceDate "2004.01.01"]

1. d4 Nf6 2. c4 d6 3. Nc3 c6 4. e4 a6 5. a4 e5 6. Nf3 Bg4 7. Be2 Nbd7 8. O-O
Be7 9. Be3 O-O 10. Qd2 Re8 11. Rfd1 Bh5 12. Ne1 Ng4 13. Bxg4 Bxg4 14. f3 Bh5
15. Nd3 f6 16. dxe5 Nxe5 17. Nxe5 dxe5 18. Qf2 Qa5 19. Rd7 Qb4 20. c5 Bf7 21.
a5 Rad8 22. Rad1 Be6 23. Rxd8 Rxd8 24. Rxd8+ Bxd8 25. h4 Be7 26. h5 Qxa5 27. h6
g5 28. Kh2 Qd8 29. g4 Qf8 30. Ne2 Qxh6+ 31. Kg2 Qf8 32. b4 Qd8 33. Qe1 Kg7 34.
Ng3 Qd3 35. Bf2 Qc2 36. Qe3 Kg6 37. Qa3 Qd2 38. Qa5 Bd8 39. Qa3 Kf7 40. Kg1 Qc2
41. Qe3 Ke8 42. Kg2 Qb2 43. Qe1 b5 44. Qd1 Be7 45. Qe1 a5 46. bxa5 Bxc5 47. Ne2
Bb4 48. Qd1 Bb3 49. Qh1 Qxe2 50. Qh5+ Bf7 51. Qh1 Bxa5 52. Qa1 Ba2 53. Qc1 Kd7
54. Qc5 Be1 55. Qa7+ Ke6 56. Qxh7 Qxf2+ 0-1

[Event "23. Copenhagen Open  (Politiken Cup)"]
[Site "Copenhagen"]
[Date "2001.07.18"]
[Round "3"]
[White "Tolstrup, Thomas"]
[Black "Wilsbeck, Jan Borge"]
[Result "0-1"]
[WhiteElo "2108"]
[BlackElo "1761"]
[PlyCount "86"]
[EventDate "2001.07.16"]
[EventType "swiss"]
[EventRounds "11"]
[EventCountry "DEN"]
[SourceDate "2004.01.01"]

1. Nf3 c5 2. c4 Nc6 3. Nc3 e6 4. g3 Nf6 5. Bg2 Be7 6. d4 cxd4 7. Nxd4 a6 8. O-O
Qc7 9. b3 h5 10. Bg5 Qe5 11. Be3 h4 12. Nxc6 bxc6 13. Bd4 Qh5 14. e4 hxg3 15.
h3 e5 16. Be3 gxf2+ 17. Rxf2 d6 18. Qxh5 Rxh5 19. Rf3 Be6 20. Rg3 g6 21. Bg5
Nh7 22. Bxe7 Kxe7 23. Rd1 Ng5 24. Rdd3 f6 25. Nd1 a5 26. Nf2 a4 27. Rd2 axb3
28. Rxb3 Bxc4 29. Rb7+ Ke6 30. Rg7 Rxa2 31. Rd1 d5 32. Rb1 Rh7 33. exd5+ Bxd5
34. Rxh7 Nxh7 35. Bf1 Ng5 36. Bg2 Nf3+ 37. Bxf3 Bxf3 38. Rf1 Bd5 39. Re1 f5 40.
Nd3 e4 41. Nf4+ Kf6 42. Rd1 e3 43. Nxd5+ cxd5 0-1

[Event "23. Copenhagen Open  (Politiken Cup)"]
[Site "Copenhagen"]
[Date "2001.07.18"]
[Round "3"]
[White "Trarup, Jorgen"]
[Black "Kristensen, Jonas Rune"]
[Result "0-1"]
[WhiteElo "1298"]
[BlackElo "1755"]
[PlyCount "78"]
[EventDate "2001.07.16"]
[EventType "swiss"]
[EventRounds "11"]
[EventCountry "DEN"]
[SourceDate "2004.01.01"]

1. e4 c6 2. Nf3 d5 3. exd5 cxd5 4. Bb5+ Bd7 5. Bxd7+ Nxd7 6. O-O Ngf6 7. b3 e6
8. Bb2 Bd6 9. Re1 Qc7 10. Nc3 a6 11. Ne2 O-O 12. Ng3 Rac8 13. Rc1 Rfe8 14. Re3
b5 15. c3 Qb6 16. Qe1 e5 17. b4 e4 18. Nd4 Ng4 19. Re2 Nge5 20. Rc2 Nd3 21. Qf1
g6 22. a3 f5 23. Bc1 Bb8 24. Nh1 Qd6 25. g3 Ba7 26. Nb3 N7e5 27. Qg2 f4 28. Qh3
Rf8 29. Ra2 f3 30. Re3 Bxe3 31. dxe3 Rxc3 32. Bb2 Rxb3 33. Ra1 Rxb2 34. Qf1 Ng4
35. h3 Nxe3 36. Qxd3 exd3 37. fxe3 Qe5 38. Re1 f2+ 39. Nxf2 Rfxf2 0-1

[Event "23. Copenhagen Open  (Politiken Cup)"]
[Site "Copenhagen"]
[Date "2001.07.18"]
[Round "3"]
[White "Visweswaran, Kameswaran"]
[Black "Nielsen, Peter Heine"]
[Result "0-1"]
[WhiteElo "2299"]
[BlackElo "2593"]
[PlyCount "86"]
[EventDate "2001.07.16"]
[EventType "swiss"]
[EventRounds "11"]
[EventCountry "DEN"]
[SourceDate "2004.01.01"]

1. e4 c5 2. Nf3 d6 3. d4 cxd4 4. Nxd4 Nf6 5. Nc3 a6 6. Be2 e6 7. O-O Be7 8. Be3
Qc7 9. a4 b6 10. f4 Bb7 11. Bf3 Nbd7 12. Kh1 O-O 13. Qe2 Nc5 14. Bg1 Rfd8 15.
Rae1 e5 16. Nf5 Bf8 17. Nd5 Bxd5 18. exd5 e4 19. Bg4 g6 20. Bd4 Nxd5 21. Nh4 f5
22. Bxf5 gxf5 23. Nxf5 Qf7 24. Nh4 Bg7 25. Bxg7 Qxg7 26. b4 Nxa4 27. c4 Nxb4
28. f5 Qf6 29. Rf4 Nd3 30. Rg4+ Kh8 31. Ng6+ hxg6 32. Rxg6 Qxf5 33. Rh6+ Kg7
34. Rf1 Qxf1+ 35. Qxf1 Rf8 36. Qa1+ Kxh6 37. h3 Nac5 38. Qd4 Rf1+ 39. Kh2 Raf8
40. Qe3+ Nf4 41. Qd4 Ng6 42. h4 R8f4 43. Kg3 e3 0-1

[Event "23. Copenhagen Open  (Politiken Cup)"]
[Site "Copenhagen"]
[Date "2001.07.18"]
[Round "3"]
[White "Ward, Christopher"]
[Black "Hvenekilde, Jorgen"]
[Result "1/2-1/2"]
[WhiteElo "2493"]
[BlackElo "2267"]
[PlyCount "44"]
[EventDate "2001.07.16"]
[EventType "swiss"]
[EventRounds "11"]
[EventCountry "DEN"]
[SourceDate "2004.01.01"]

1. d4 d6 2. e4 e5 3. d5 f5 4. exf5 Bxf5 5. Ne2 Nf6 6. Ng3 Bg6 7. Bd3 Bf7 8. c4
c6 9. dxc6 bxc6 10. O-O Nbd7 11. f4 Be7 12. Nc3 O-O 13. b3 Re8 14. Qf3 d5 15.
cxd5 cxd5 16. Bb5 e4 17. Qe2 a6 18. Ba4 Rf8 19. Be3 Nc5 20. Nf5 Nd3 21. h3 Rc8
22. Bd4 Bb4 1/2-1/2

[Event "23. Copenhagen Open  (Politiken Cup)"]
[Site "Copenhagen"]
[Date "2001.07.18"]
[Round "3"]
[White "Windekilde, Flemming"]
[Black "Schonberg, Niels Peder"]
[Result "1-0"]
[WhiteElo "1744"]
[BlackElo "1214"]
[PlyCount "33"]
[EventDate "2001.07.16"]
[EventType "swiss"]
[EventRounds "11"]
[EventCountry "DEN"]
[SourceDate "2004.01.01"]

1. e4 e5 2. Nc3 Bc5 3. Bc4 Nf6 4. d3 d6 5. Na4 Nbd7 6. Nxc5 Nxc5 7. b4 Ncd7 8.
f4 Qe7 9. Nf3 h6 10. O-O O-O 11. Nh4 d5 12. exd5 Nxd5 13. Nf5 Qe6 14. fxe5 Qxe5
15. Bxd5 Qxa1 16. Qg4 Qf6 17. Nxh6+ 1-0

[Event "23. Copenhagen Open  (Politiken Cup)"]
[Site "Copenhagen"]
[Date "2001.07.18"]
[Round "3"]
[White "Zachariassen, John"]
[Black "Rasmussen, Bo"]
[Result "0-1"]
[WhiteElo "1864"]
[BlackElo "2160"]
[PlyCount "30"]
[EventDate "2001.07.16"]
[EventType "swiss"]
[EventRounds "11"]
[EventCountry "DEN"]
[SourceDate "2004.01.01"]

1. b3 e5 2. Bb2 f6 3. e4 Ne7 4. g3 d5 5. exd5 Qxd5 6. Qf3 Bf5 7. d3 Nbc6 8. Bg2
Qxf3 9. Bxf3 O-O-O 10. Nc3 Nd4 11. Bd1 Nec6 12. h4 Nb4 13. Kd2 e4 14. a3 exd3
15. axb4 dxc2 0-1

[Event "23. Copenhagen Open  (Politiken Cup)"]
[Site "Copenhagen"]
[Date "2001.07.18"]
[Round "3"]
[White "van Dijk, Thomas"]
[Black "Royset, Paal"]
[Result "1-0"]
[WhiteElo "1999"]
[BlackElo "2257"]
[PlyCount "65"]
[EventDate "2001.07.16"]
[EventType "swiss"]
[EventRounds "11"]
[EventCountry "DEN"]
[SourceDate "2004.01.01"]

1. d4 Nf6 2. c4 d6 3. Nc3 Nbd7 4. e4 e5 5. Nf3 Be7 6. Be2 c6 7. O-O a6 8. Rb1
b5 9. b4 bxc4 10. dxe5 dxe5 11. Bxc4 O-O 12. Qe2 Qc7 13. a3 Nh5 14. Ba2 Ndf6
15. Rd1 h6 16. h3 g5 17. Nh2 Kh7 18. Ng4 Nf4 19. Bxf4 Bxg4 20. hxg4 gxf4 21.
Rbc1 Qb6 22. Rd3 Rg8 23. Bxf7 Rxg4 24. Rd7 Ra7 25. Na4 Qb8 26. Rxa7 Qxa7 27.
Be6 Rg3 28. Kh2 Rxa3 29. Bf5+ Kg7 30. Nc5 Qb6 31. Qb2 Ra5 32. Qxe5 Bxc5 33.
bxa5 1-0

[Event "23. Copenhagen Open  (Politiken Cup)"]
[Site "Copenhagen"]
[Date "2001.07.19"]
[Round "4"]
[White "Adamski, Jan"]
[Black "Roder, Peter"]
[Result "1/2-1/2"]
[WhiteElo "2361"]
[BlackElo "2174"]
[PlyCount "25"]
[EventDate "2001.07.16"]
[EventType "swiss"]
[EventRounds "11"]
[EventCountry "DEN"]
[SourceDate "2004.01.01"]

1. c4 e5 2. g3 Nc6 3. Bg2 Nf6 4. Nf3 Bc5 5. O-O d6 6. e3 O-O 7. d4 Bb6 8. h3
Bf5 9. Nc3 a5 10. b3 h6 11. Nd5 Ba7 12. Bb2 Re8 13. Kh2 1/2-1/2

[Event "23. Copenhagen Open  (Politiken Cup)"]
[Site "Copenhagen"]
[Date "2001.07.19"]
[Round "4"]
[White "Aird, Ian"]
[Black "Lynge, Torben"]
[Result "1-0"]
[WhiteElo "2136"]
[BlackElo "1701"]
[PlyCount "93"]
[EventDate "2001.07.16"]
[EventType "swiss"]
[EventRounds "11"]
[EventCountry "DEN"]
[SourceDate "2004.01.01"]

1. d4 d5 2. Nf3 Bf5 3. c4 c6 4. Qb3 Qc7 5. Nc3 e6 6. Bf4 dxc4 7. Bxc7 cxb3 8.
e4 Bg6 9. axb3 Na6 10. Bxa6 bxa6 11. Rxa6 Kd7 12. Bg3 f6 13. Ke2 Ne7 14. Rha1
Nc8 15. Nd2 Bb4 16. f3 c5 17. d5 e5 18. Nb5 Rb8 19. Nxa7 Bxd2 20. Kxd2 Rxb3 21.
R1a2 Nd6 22. Nc6 Rc8 23. Bf2 Nxe4+ 24. fxe4 Bxe4 25. Ra7+ Kd6 26. Rxg7 Bxd5 27.
Ne7 Rcb8 28. Nxd5 Kxd5 29. Kc2 c4 30. Rxh7 e4 31. Rh5+ Ke6 32. Ra6+ Kf7 33. Bd4
Kg6 34. g4 Rf8 35. Re6 Rd3 36. Rxe4 Rd8 37. Bc3 Rd1 38. Rxc4 Rg1 39. h3 Rg2+
40. Kb3 Rg3 41. Rc6 Rb8+ 42. Kc4 Rf3 43. Rf5 Rxh3 44. Rcxf6+ Kh7 45. Rf7+ Kh6
46. Bd2+ Kg6 47. R5f6# 1-0

[Event "23. Copenhagen Open  (Politiken Cup)"]
[Site "Copenhagen"]
[Date "2001.07.19"]
[Round "4"]
[White "Andersen, Matias Lolk"]
[Black "Rasmussen, Henning"]
[Result "0-1"]
[WhiteElo "1146"]
[BlackElo "1925"]
[PlyCount "120"]
[EventDate "2001.07.16"]
[EventType "swiss"]
[EventRounds "11"]
[EventCountry "DEN"]
[SourceDate "2004.01.01"]

1. e4 g6 2. d4 Bg7 3. Nf3 d6 4. Be3 Nf6 5. Nc3 O-O 6. Be2 c6 7. Qd2 b5 8. a3
Nbd7 9. O-O Nb6 10. h3 a6 11. b4 Be6 12. Rfd1 Bc4 13. Ne1 Bxe2 14. Qxe2 Nc4 15.
Nd3 Nxe3 16. Qxe3 Qb6 17. Ne1 Rfd8 18. Nf3 Nd7 19. Ra2 e5 20. d5 Qxe3 21. fxe3
c5 22. Ne1 Rac8 23. Rd3 Nb6 24. Nd1 Rc7 25. Nb2 f5 26. exf5 gxf5 27. bxc5 Rxc5
28. Rd2 Rxd5 29. Rxd5 Nxd5 30. Nd1 e4 31. a4 b4 32. c3 Nxc3 33. Nxc3 Bxc3 34.
Re2 Bxe1 35. Rxe1 b3 36. Rb1 Rb8 37. Kf2 Kf7 38. Ke2 Ke6 39. Kd2 Ke5 40. g3 b2
41. Kc2 d5 42. Kd2 d4 43. h4 Kd5 44. a5 Kc5 45. exd4+ Kxd4 46. Ke2 Kc3 47. Rd1
b1=Q 48. Rxb1 Rxb1 49. Ke3 Rb5 50. Kf4 Rxa5 51. h5 Kd2 52. Kg5 e3 53. Kh6 e2
54. Kxh7 e1=Q 55. h6 Rb5 56. Kg7 Qxg3+ 57. Kf7 Qh4 58. Kg8 Rb7 59. h7 Qxh7+ 60.
Kf8 Qf7# 0-1

[Event "23. Copenhagen Open  (Politiken Cup)"]
[Site "Copenhagen"]
[Date "2001.07.19"]
[Round "4"]
[White "Auchenberg, Einar"]
[Black "Edvardsson, Hannu Kalervo"]
[Result "1-0"]
[WhiteElo "1614"]
[BlackElo "1300"]
[PlyCount "107"]
[EventDate "2001.07.16"]
[EventType "swiss"]
[EventRounds "11"]
[EventCountry "DEN"]
[SourceDate "2004.01.01"]

1. d4 d5 2. Nc3 e6 3. Nf3 Nf6 4. Bg5 Be7 5. g3 Nc6 6. Bg2 b6 7. a3 Bb7 8. Qd3
Qd7 9. e4 dxe4 10. Nxe4 Nxe4 11. Qxe4 O-O-O 12. Ne5 Qxd4 13. Nxc6 Qxe4+ 14.
Bxe4 Bxc6 15. Bxc6 Bxg5 16. f4 Bf6 17. c3 Rd6 18. Bf3 Rhd8 19. Rd1 Rxd1+ 20.
Bxd1 Be7 21. h4 h6 22. h5 Rd3 23. g4 Bd6 24. Be2 Re3 25. Rf1 Re4 26. f5 exf5
27. Rxf5 Re7 28. Kd2 f6 29. a4 a5 30. Ba6+ Kb8 31. Kd3 Re5 32. Bc4 Rxf5 33.
gxf5 Kc8 34. Be6+ Kd8 35. Kc4 Ke7 36. b4 axb4 37. cxb4 Kd8 38. Kb5 Ke7 39. a5
bxa5 40. bxa5 Bf4 41. Kc6 Be3 42. Kxc7 Bd4 43. a6 Be3 44. Kb7 Kd6 45. a7 Bxa7
46. Kxa7 Ke5 47. Kb6 Kf4 48. Kc5 Kg5 49. Kd5 Kxh5 50. Bf7+ Kg5 51. Ke4 h5 52.
Bg6 h4 53. Kf3 Kh6 54. Kg4 1-0

[Event "23. Copenhagen Open  (Politiken Cup)"]
[Site "Copenhagen"]
[Date "2001.07.19"]
[Round "4"]
[White "Bering, Anders"]
[Black "Aabling Thomsen, Jakob"]
[Result "1-0"]
[WhiteElo "2106"]
[BlackElo "1889"]
[PlyCount "47"]
[EventDate "2001.07.16"]
[EventType "swiss"]
[EventRounds "11"]
[EventCountry "DEN"]
[SourceDate "2004.01.01"]

1. e4 c5 2. Nf3 Nc6 3. d4 cxd4 4. Nxd4 e5 5. Nb5 a6 6. Nd6+ Bxd6 7. Qxd6 Qf6 8.
Qd1 Qg6 9. Nc3 Nge7 10. Be3 O-O 11. Qd2 d5 12. exd5 Nb4 13. O-O-O Bf5 14. Bc5
Nbxd5 15. Nxd5 Nxd5 16. Qxd5 Rfc8 17. Bd3 e4 18. Be2 h6 19. Be3 Rc7 20. Kb1
Rac8 21. c3 b5 22. Qd6 Be6 23. Qg3 Qh7 24. Qxc7 1-0

[Event "23. Copenhagen Open  (Politiken Cup)"]
[Site "Copenhagen"]
[Date "2001.07.19"]
[Round "4"]
[White "Brinck Claussen, Bjorn"]
[Black "Kleinschroth, Roland"]
[Result "1/2-1/2"]
[WhiteElo "2355"]
[BlackElo "2160"]
[PlyCount "82"]
[EventDate "2001.07.16"]
[EventType "swiss"]
[EventRounds "11"]
[EventCountry "DEN"]
[SourceDate "2004.01.01"]

1. e4 e5 2. Nf3 Nc6 3. Bb5 Bc5 4. c3 Nf6 5. d4 exd4 6. e5 Ne4 7. O-O O-O 8.
cxd4 Be7 9. d5 Nb8 10. Qd4 f5 11. Nbd2 d6 12. Nxe4 fxe4 13. Qxe4 Bf5 14. Qd4
dxe5 15. Nxe5 c5 16. Qd1 a6 17. d6 axb5 18. Qd5+ Kh8 19. Nf7+ Rxf7 20. Qxf7 Bf6
21. Qd5 Qd7 22. Bf4 Na6 23. a3 Be6 24. Qd2 c4 25. Rfe1 Nc5 26. Qe3 Nd3 27. Qxe6
Qxe6 28. Rxe6 Nxf4 29. Re4 Nd3 30. d7 Rf8 31. Re8 Kg8 32. Rd1 Kf7 33. Rc8 Rd8
34. b3 Rxd7 35. bxc4 bxc4 36. Rxc4 Re7 37. Rc2 Nf4 38. Kf1 Ne6 39. Rc4 Nc7 40.
a4 $11 Na6 41. f4 h5 1/2-1/2

[Event "23. Copenhagen Open  (Politiken Cup)"]
[Site "Copenhagen"]
[Date "2001.07.19"]
[Round "4"]
[White "Brondum, Eric"]
[Black "Lardot, Derik"]
[Result "1/2-1/2"]
[WhiteElo "2224"]
[BlackElo "2023"]
[PlyCount "55"]
[EventDate "2001.07.16"]
[EventType "swiss"]
[EventRounds "11"]
[EventCountry "DEN"]
[SourceDate "2004.01.01"]

1. d4 d6 2. c4 e5 3. Nf3 Bg4 4. dxe5 Bxf3 5. gxf3 dxe5 6. Qxd8+ Kxd8 7. Nc3 c6
8. f4 Nd7 9. Bh3 Ngf6 10. fxe5 Nxe5 11. b3 Bb4 12. Bb2 Kc7 13. a3 Bd6 14. Bf5
Rhe8 15. Kf1 a5 16. Rd1 g6 17. Bc2 Nh5 18. e3 f5 19. Na4 Nd7 20. Kg2 Nc5 21.
Nxc5 Bxc5 22. Kf3 Rad8 23. Bc3 Bxa3 24. Bxa5+ b6 25. Bc3 Bd6 26. Rd2 Be5 27.
Rxd8 Kxd8 28. Bxe5 1/2-1/2

[Event "23. Copenhagen Open  (Politiken Cup)"]
[Site "Copenhagen"]
[Date "2001.07.19"]
[Round "4"]
[White "Christensen, Esben"]
[Black "Pedersen, Christian K"]
[Result "0-1"]
[WhiteElo "2115"]
[BlackElo "2280"]
[PlyCount "88"]
[EventDate "2001.07.16"]
[EventType "swiss"]
[EventRounds "11"]
[EventCountry "DEN"]
[SourceDate "2004.01.01"]

1. e4 e6 2. Nf3 d5 3. Nc3 Nf6 4. e5 Nfd7 5. Ne2 c5 6. c3 Nc6 7. d4 Qb6 8. a3 c4
9. g3 Na5 10. h4 Nb3 11. Rb1 Nxc1 12. Qxc1 Qc7 13. Bh3 Nb6 14. Nf4 Bd7 15. Ng5
h6 16. Nxf7 Kxf7 17. Qc2 Qc6 18. Qg6+ Ke7 19. O-O Re8 20. Nh5 Kd8 21. f4 Nc8
22. g4 Re7 23. Qc2 Be8 24. Ng3 g6 25. Kh2 Rg7 26. Rf3 Be7 27. h5 Bh4 28. hxg6
Bxg6 29. f5 Bxg3+ 30. Rxg3 Bf7 31. Rbg1 Rg5 32. Rf1 Ne7 33. Rgf3 Kc7 34. fxe6
Bxe6 35. Rf8 Rxf8 36. Rxf8 Bxg4 37. Qh7 Kd7 38. Rf7 Qe6 39. Rf6 Qg8 40. Qxh6
Bxh3 41. Qxh3+ Kc7 42. Rh6 Qf7 43. Qh4 Qf5 44. Rf6 Rh5 0-1

[Event "23. Copenhagen Open  (Politiken Cup)"]
[Site "Copenhagen"]
[Date "2001.07.19"]
[Round "4"]
[White "Christensen, Stefan"]
[Black "Larsen, Karsten"]
[Result "1-0"]
[WhiteElo "2164"]
[BlackElo "2300"]
[PlyCount "57"]
[EventDate "2001.07.16"]
[EventType "swiss"]
[EventRounds "11"]
[EventCountry "DEN"]
[SourceDate "2004.01.01"]

1. e4 e5 2. Nf3 Nc6 3. Bb5 a6 4. Ba4 Nf6 5. d4 exd4 6. O-O Be7 7. e5 Ne4 8.
Nxd4 O-O 9. Nf5 d5 10. Bxc6 bxc6 11. Nxe7+ Qxe7 12. Re1 Re8 13. f3 Nd6 14. Bf4
Nf5 15. Qd2 h6 16. h3 Rb8 17. b3 Be6 18. Nc3 Rb4 19. Na4 Rd4 20. Qc1 Qh4 21.
Bh2 Ng3 22. c3 Rf4 23. Qd2 Qg5 24. Nc5 Bxh3 25. Nd3 Ne4 26. Bxf4 Nxd2 27. Bxg5
hxg5 28. Re2 Bxg2 29. Kxg2 1-0